Super Bowl Winning Coaches by Picture - Statistics

General Stats
  • This quiz has been taken 89 times
    23 since last reset
  • The average score is 22 of 37
Answer Stats
Picture Hint Answer % Correct
3 Wins - Chiefs Andy Reid
95%
6 Wins - Patriots Bill Belichick
95%
1 Win - Raiders John Madden
90%
1 Win - Steelers Mike Tomlin
90%
1 Win - Ravens John Harbaugh
85%
1 Win - Eagles Nick Sirianni
80%
1 Win - Rams Sean McVay
80%
2 Wins - Packers Vince Lombardi
80%
1 Win - Seahawks Pete Carroll
75%
1 Win - Saints Sean Payton
75%
1 Win - Buccaneers Bruce Arians
70%
2 Wins - Cowboys Jimmy Johnson
70%
1 Win - Bears Mike Ditka
70%
1 Win - Seahawks Mike MacDonald
70%
1 Win - Packers Mike McCarthy
70%
2 Wins - Dolphins Don Shula
65%
1 Win - Buccaneers Jon Gruden
65%
1 Win - Colts Tony Dungy
65%
2 Wins - Giants Tom Coughlin
60%
2 Wins - Giants Bill Parcells
55%
1 Win - Eagles Doug Pederson
55%
1 Win - Steelers Bill Cowher
50%
3 Wins - 49ers Bill Walsh
50%
4 Wins - Steelers Chuck Noll
50%
3 Wins - Redskins Joe Gibbs
50%
2 Wins - Broncos Mike Shanahan
50%
2 Wins - Cowboys Tom Landry
50%
1 Win - Broncos Gary Kubiak
45%
1 Win - Rams Dick Vermeil
40%
1 Win - Chiefs Hank Stram
40%
1 Win - Cowboys Barry Switzer
35%
1 Win - Ravens Brian Billick
35%
1 Win - Packers Mike Holmgren
35%
2 Wins - 49ers George Seifert
30%
2 Wins - Raiders Tom Flores
30%
1 Win - Jets Weeb Ewbank
30%
1 Win - Colts Don McCafferty
15%
No matching quizzes found
Score Distribution
Percent of People with Each Score
Percentile by Number Answered
Your Score History
You have not taken this quiz since the last reset